The compulsory deposit scheme Act,1963 by A.N. Aiyar (Record no. 371183)

000 -LEADER
fixed length control field 00380cam a22001217a 4500
008 - FIXED-LENGTH DATA ELEMENTS--GENERAL INFORMATION
fixed length control field 180718b1963 xxu||||| |||| 00| 0 eng d
082 ## - DEWEY DECIMAL CLASSIFICATION NUMBER
Classification number XA9403x54 Iy9
100 ## - MAIN ENTRY--PERSONAL NAME
Personal name Iyar, A.N.
245 ## - TITLE STATEMENT
Title The compulsory deposit scheme Act,1963 by A.N. Aiyar
Statement of responsibility, etc. by A.N. Iyar
260 ## - PUBLICATION, DISTRIBUTION, ETC.
Place of publication, distribution, etc. Madras
Name of publisher, distributor, etc. Company Law Institiute
Date of publication, distribution, etc. 1963
300 ## - PHYSICAL DESCRIPTION
Extent 42p.
650 ## - SUBJECT ADDED ENTRY--TOPICAL TERM
Topical term or geographic name entry element Saving and Thriift - India - Legislation
Holdings
Withdrawn status Lost status Damaged status Not for loan Permanent Location Current Location Date acquired Full call number Barcode Date last seen Price effective from Koha item type
        Indian Institute of Public Administration Indian Institute of Public Administration 1994-06-09 XA9403x54 Iy9 33940 2018-07-21 2018-07-21 Book

Powered by Koha